000 00582nam a2200193Ia 4500
005 20250508151201.0
008 008 250505s9999 xx 000 0 eng d
037 _aTextual
040 _aFEDL
_beng
_cFEDL
041 _aeng
_2eng
084 _a155.2, SPI
_qFEDL
100 _aSpinley B.M.
_9758626
245 0 _aDeprived and the privileged : Personality development in english society
260 _aLondon, UK
_bRoutledge and Kegan Paul Limited
_c1953
300 _avii,208p.
650 _aPersonality
942 _cTEXL
_h155.2, SPI
999 _c1328125
_d1328125